000
00225nam a22000857a 4500
008
160915b xxu||||| |||| 00| 0 eng d
100
_9
501
_a
Verma.S
245
_a
CCE Mathematics-II
260
_a
New Delhi
_b
S. Chand publications
_c
2012
999
_c
3158
_d
3158